Questions péripatéticiennes

I tiakina i:
Ngā taipitopito rārangi puna kōrero
Kaituhi matua: Césalpin, André (Author)
Hōputu: Pukapuka
Reo:Wīwī
I whakaputaina: París Librairie Félix Alcan 1929
Rangatū:Textes et Traductions pour Servir a l'Histoire de la Pensée Moderne
Ngā marau:
Ngā Tūtohu: Tāpirihia he Tūtohu
Kāore He Tūtohu, Me noho koe te mea tuatahi ki te tūtohu i tēnei pūkete!

MARC

LEADER 00000nam a2200000 a 4500
001 UCY7013
003 CL-VaPUC
008 950602e19290000FR |||||||||||||||||fre|d
082 0 4 |a 185  |b CES  |2 21 
100 0 |a Césalpin, André  |e author  |9 337285 
245 1 0 |a Questions péripatéticiennes 
300 |a 240 p 
942 |c BK 
945 |d 19950602 00:00:00  |a oaravena 
260 |a París  |b Librairie Félix Alcan  |c 1929 
600 0 |a Aristóteles,  |d 384 a.C.- 322 a.C.  |9 194 
650 0 |a Filosofía   |9 223554 
650 0 |a Filosofía antigua   |9 255705 
650 0 |a Física   |9 227844 
650 0 |a Biología  |9 262022 
650 0 |a Psicología   |9 257863 
650 0 |a Botánica  |9 264202 
650 0 |a Medicina   |9 258507 
583 |a last modification  |c 19950602 00:00:00  |k Rodrigo Vera 
490 0 |a Textes et Traductions pour Servir a l'Histoire de la Pensée Moderne 
999 |c 234488  |d 234486 
952 |0 0  |1 0  |4 0  |6 185_000000000000000_CES_1929  |7 0  |8 P  |9 240891  |a BIBEDU  |b BIBEDU  |c BIBEDU_PB  |d 2019-11-18  |i 1514172  |o 185 CES 1929  |p 1514172  |r 2024-01-25  |w 2019-11-18  |y BK  |k FIL